LEADER 01001cam0-2200313---450- 001 990004203070403321 005 20091013112705.0 035 $a000420307 035 $aFED01000420307 035 $a(Aleph)000420307FED01 035 $a000420307 100 $a19990604d1939----km-y0itay50------ba 101 0 $ager 102 $aNL 105 $ay---e---00-y- 200 1 $aVergleichendes Wörterbuch der gotischen Sprache$emit Einschluss des Krimgotischen und sonstiger Zerstreuter Überreste des gotischen$fvon Sigmund Feist 205 $a3. neubearb. und verm. Aufl. 210 $aLeiden$cBrill$d1939 215 $aXXVIII, 710 p.$d25 cm 610 0 $aLingua gotica$aDizionari etimologici 676 $a439.9203 700 1$aFeist,$bSigmund$0165008 801 0$aIT$bUNINA$gRICA$2UNIMARC 901 $aBK 912 $a990004203070403321 952 $a439.9203 FEI 1A$bIst.f.m.29151$fFLFBC 959 $aFLFBC 996 $aVergleichendes Wörterbuch der Gotischen Sprache$9171997 997 $aUNINA LEADER 01516nam2 2200373 i 450 001 VAN00030045 005 20260205121647.244 010 $a978-02-01-03809-5 100 $a20041210d1973 |0itac50 ba 101 $aeng 102 $aUS 105 $a|||| ||||| 181 $ai$b e 182 $an 183 $anc 200 1 $aˆ1: ‰Fundamental algorithms$fDonald E. Knuth 205 $a2. ed 210 $aReading$cAddison-Wesley$d1973 215 $aXXI, 634 p.$d22 cm 461 1$1001VAN00024828$12001 $aˆThe ‰art of computer programming$fDonald E. Knuth$1210 $aReading$cAddison-Wesley$1215 $avolumi$d22-25 cm$v1 606 $a68Wxx$xAlgorithms in computer science [MSC 2020]$3VANC021296$2MF 620 $aUS$dReading $3VANL002298 700 1$aKnuth$bDonald E.$3VANV020877$048274 712 $aAddison Wesley $3VANV107961$4650 790 1$aKnuth, Donald Ervin$zKnuth, Donald E.$3VANV089714 790 1$aKnuth, D. E.$zKnuth, Donald E.$3VANV089715 790 1$aKnuth, D.E.$zKnuth, Donald E.$3VANV261022 801 $aIT$bSOL$c20260403$gRICA 856 4 $u/sebina/repository/catalogazione/documenti/ID 30045.pdf$zID 30045.pdf 899 $aBIBLIOTECA DEL DIPARTIMENTO DI MATEMATICA E FISICA$1IT-CE0120$2VAN08 912 $aVAN00030045 950 $aBIBLIOTECA DEL DIPARTIMENTO DI MATEMATICA E FISICA$d08PREST 68-XX 2236 $e08 939 I 20041210 996 $aFundamental algorithms$9122630 997 $aUNICAMPANIA